书目信息 |
| 书名: | Assessment and Evaluation in Whole Language Programs | |
| 作者: | Bill Harp. | |
| 分册号: | ||
| 分册名: | 出版地: | Norwood,MA : |
|
| 出版社: | Christophers,Inc | |
| 出版时间: | 1993. | |
| 页数: | 218 p. ; | |
| 开本: | 26cm. | |
| 丛书名: | ||
| 中图分类号: | ||
| 科图分类号: | ||
| 其他分类号: | HO | |
| 主题词: | ||
| 电子资源: | ||
| 000 | 00417nam 2200145 a 4500 | |
| 001 | E0129474844 | |
| 005 | 2001121308111488 | |
| 008 | 011213s1993 00010 eng | |
| 020 | @a0-926842-08-0 :@cRMB 12.00. | |
| 040 | @aPFT@beng | |
| 090 | @aHO | |
| 099 | @dHO@eH293 | |
| 245 | @aAssessment and Evaluation in Whole Language Programs / @cBill Harp. | |
| 260 | @aNorwood,MA :@bChristophers,Inc.,@c1993. | |
| 300 | @a218 p. ;@c26cm. | |
| Assessment and Evaluation in Whole Language Programs / / Bill Harp.-Norwood,MA : : Christophers,Inc., , 1993. |
| 218 p. ; ; 26cm. |
| ISBN 0-926842-08-0 :RMB 12.00. |
| ● |
| 相关链接 |
|
|
|
正题名:Assessment and Evaluation in Whole Langu
索取号:HO/H293
 
预约/预借
| 序号 | 登录号 | 条形码 | 馆藏地/架位号 | 状态 | 备注 |
| 1 | 0628 | 300006286 | 语言库209/209语言库 61排2列2层/ [索取号:HO/H293] | 在馆 |